<?xml version="1.0" encoding="UTF-8"?><?xml-stylesheet type="text/xsl" href="static/style.xsl"?><OAI-PMH xmlns="http://www.openarchives.org/OAI/2.0/" xmlns:xsi="http://www.w3.org/2001/XMLSchema-instance" xsi:schemaLocation="http://www.openarchives.org/OAI/2.0/ http://www.openarchives.org/OAI/2.0/OAI-PMH.xsd"><responseDate>2026-04-17T05:52:26Z</responseDate><request verb="GetRecord" identifier="oai:www.recercat.cat:2072/369663" metadataPrefix="marc">https://recercat.cat/oai/request</request><GetRecord><record><header><identifier>oai:recercat.cat:2072/369663</identifier><datestamp>2024-12-13T10:00:18Z</datestamp><setSpec>com_2072_63417</setSpec><setSpec>com_2072_63416</setSpec><setSpec>com_2072_63412</setSpec><setSpec>com_2072_2015</setSpec><setSpec>col_2072_63418</setSpec></header><metadata><record xmlns="http://www.loc.gov/MARC21/slim" xmlns:dcterms="http://purl.org/dc/terms/" xmlns:xsi="http://www.w3.org/2001/XMLSchema-instance" xmlns:doc="http://www.lyncode.com/xoai" xsi:schemaLocation="http://www.loc.gov/MARC21/slim http://www.loc.gov/standards/marcxml/schema/MARC21slim.xsd">
   <leader>00925njm 22002777a 4500</leader>
   <datafield ind2=" " ind1=" " tag="042">
      <subfield code="a">dc</subfield>
   </datafield>
   <datafield ind2=" " ind1=" " tag="720">
      <subfield code="a">CALVO HERRAN, MARIA DEL CARMEN</subfield>
      <subfield code="e">author</subfield>
   </datafield>
   <datafield ind2=" " ind1=" " tag="520">
      <subfield code="a">El presente trabajo pretende hacer un estudio de los procesos de administración electrónica implantados en un parlamento regional para determinar los requisitos que debe cumplir un Sistema de Gestión de Documentos Electrónicos de Archivo que garantice la fiabilidad, autenticidad, integridad, usabilidad y la preservación de los documentos electrónicos de la institución a largo plazo.
En él se puede constatar que la implantación de la administración electrónica en este tipo de instituciones se está haciendo de forma muy lenta, quizás porque la interacción con los ciudadanos es mucho menor que en otras administraciones públicas.
Como resultado del trabajo se han obtenido una serie de requisitos genéricos basados en el Modelo de Requisitos para la Gestión de Documentos Electrónicos de Archivo de la Comisión Europea y Ministerio de Cultura de España, y algunas recomendaciones en cuanto a la necesidad de un Plan Estratégico de Sistemas de la Información</subfield>
   </datafield>
   <datafield ind1="8" ind2=" " tag="024">
      <subfield code="a">http://hdl.handle.net/10609/108486</subfield>
   </datafield>
   <datafield tag="653" ind2=" " ind1=" ">
      <subfield code="a">archivo electrónico</subfield>
   </datafield>
   <datafield tag="653" ind2=" " ind1=" ">
      <subfield code="a">documento electrónico</subfield>
   </datafield>
   <datafield tag="653" ind2=" " ind1=" ">
      <subfield code="a">gestión documental</subfield>
   </datafield>
   <datafield tag="653" ind2=" " ind1=" ">
      <subfield code="a">sistema de gestión</subfield>
   </datafield>
   <datafield tag="653" ind2=" " ind1=" ">
      <subfield code="a">requisitos</subfield>
   </datafield>
   <datafield ind2="0" ind1="0" tag="245">
      <subfield code="a">CRITERIOS PARA LA SELECCIÓN DE UN SISTEMA DE GESTIÓN DE DOCUMENTOS ELECTRÓNICOS DE ARCHIVO PARA LAS CORTES DE CASTILLA Y LEÓN</subfield>
   </datafield>
</record></metadata></record></GetRecord></OAI-PMH>